00274nam a2200097Ia 4500008004100000100001300041245005900054260003800113300000700151650001800158191201s2019 xx 000 0 und d aKALE,S.R 0aPractical pharmacology and toxicology 2nd year diploma bNirali PrakashanaNew Delhic2019 a76 aPharmacology